Statistics for guess the mcr lyrics

Click here to take the quiz!

General Stats

  • This quiz has been taken 6 times
  • The average score is 5 of 15

Answer Stats

HintAnswer% Correct
Bring out the old guillotine/We'll show 'em what we all meanDisenchanted
67%
So raise your glass high for tomorrow we die/And return from the ashes you callMama
67%
You like to watch, we like to use/And we were born to loseFake Your Death
50%
'Cause mostly I've been sprawled on these cathedral steps/While spitting out the blood and screamingHeaven Help Us
50%
And let the spirit come on, through you/We got innocence for daysHouse of Wolves
50%
Who walks among the famous living dead/Drowns all the boys and girls inside your bedThis is How I Disappear
50%
The angels just cut out her tongue, call her black MariahHang 'Em High
33%
We are the very hurt you soldHelena
33%
So show me what you got, you children of the gun/Don't hide and we don't runDESTROYA
17%
Touched by angels, though I fall out of grace/I did it all so maybe I'd live this every dayI Never Told You What I Do For A Living
17%
Or oxycontin genocide, adolescent suicide/I'll give you my sincerity, don't give a fuck about a KennedyMy Way Home Is Through You
17%
And cross the patron saint of switchblade fightsOur Lady of Sorrows
17%
This ain't about all the friends you made/But the graffiti they write on your graveSave Yourself, I’ll Hold Them Back
17%
Let our bodies lay, mark our hearts with shame/Let our blood in vain, you find God in painThe Foundations Of Decay
17%
I stopped bleedin' three years ago/While you keep screamin' for revolutionTomorrow's Money
17%

Score Distribution

Percentile by Number Answered

Percent of People with Each Score

Your Score History

You have not taken this quiz